Modern-Day Countries of the Habsburg Empire of Charles V - Statistics

General Stats
  • This quiz has been taken 4,842 times
  • The average score is 40 of 42
Answers on the Map
Answers color-coded by a green-red scale on the quiz's map according to % correct below.
 
Answer Stats
Countries % Correct
Cuba
99%
Italy
99%
Mexico
99%
Spain
99%
Austria
98%
Belgium
98%
Chile
98%
Colombia
98%
Czech Republic
98%
France
98%
Germany
98%
Haiti
98%
Netherlands
98%
Panama
98%
Peru
98%
Poland
98%
Argentina
97%
Bolivia
97%
Croatia
97%
Dominican Republic
97%
Ecuador
97%
Honduras
97%
Hungary
97%
Slovakia
97%
Slovenia
97%
Venezuela
97%
Belize
96%
Costa Rica
96%
El Salvador
96%
Guatemala
96%
Jamaica
96%
Nicaragua
96%
Algeria
95%
Morocco
95%
Paraguay
95%
Ukraine
95%
Luxembourg
94%
Romania
93%
Trinidad and Tobago
90%
United States (Puerto Rico)
90%
Malta
89%
Switzerland
87%
No matching quizzes found
Score Distribution
Percent of People with Each Score
Percentile by Number Answered
Your Score History
You have not taken this quiz